Les différents types de vins - Statistiques

Statistiques générales
  • Ce quiz a été pris 15 fois
  • Le résultat moyen est 2 sur 9
Statistiques - réponses
Ordre Réponse % Correct
- Vin rosé
70%
Blanc Vin mousseux
60%
Rouge Vin de dessert
20%
- Vin aromatique
10%
- Vin blanc corsé
10%
- Vin blanc corsé et léger
10%
- Vin rouge corsé
10%
- Vin rouge corsé et léger
10%
- Vin rouge moyennement corsé
10%
Aucun quiz correspondant
Distribution des résultats
% des personnes avec chaque résultat
Percentile par nombre de réponses
Votre historique - résultats
Vous n’avez pas pris ce quiz